1867 1406 1895 1919 1957 1329 1050 1794 1494 1338 1463 1124 1577 1520 1344 1862 1514 1787 1010 1615 1244 1400 1633 1120 1792 1900 1822 1814 1153 1471 1891 1708 1600 1813 1200 1578 1372 1739 1171 1131 1317 1216 1055 1537 1363 1706 1341 1659 1909 1552 1900 1553 1107 1276 1151 1240 1439 1607 1488 1703 1153 1105 1823 1436 1237 1839 1118 1408 1683 1503 1091 1302 1201 1024 1053 1540 1136 1701 1410 1690 1125 1784 1920 1468 1877 1437 1716 1499 1648 1607 1250 1908 1793 1346 1745 1850 1564 1113 1825 BCNSPRNW ULIB Ver.6.0+V

เปลี่ยนเป็นภาษาไทย

Change to English
 แสดงรายละเอียดบรรณานุกรม
  กลับหน้าหลัก

Brief Record : Get Marc (ISO 2709) : E-mail record : QR code < ปิดหน้าต่าง
LEADER : 00000nam 2200000uu 4500
001    13399113811
003     ULIB
008    120109s2550||||th 000 0 tha d
020    ^a9746453394 (ล.3)
060 04 ^aWA308^bส719อ ล.3 2550
245 00 ^aเอกสารการสอนชุดวิชาอนามัยครอบครัวในงานสาธารณสุข หน่วยที่11-15=^bFamilyhealth in public health work /^cสาขาวิชาวิทยาศาสตร์สุขภาพ มหาวิทยาลัยสุโขทัยธรรมาธิราช
246 30 ^aอนามัยครอบครัวในงานสาธารณสุข
246 31 ^aFamily health in public health work
250    ^aพิมพ์ครั้งที่ 2
260    ^aนนทบุรี :^bสำนักพิมพ์มหาวิทยาลัยสุโขทัยธรรมาธิราช,^c2550
300    ^a3 เล่ม :^bภาพประกอบ ;^c30 ซม.
500    ^aสิ่งพิมพ์ของมหาวิทยาลัยสุโขทัยธรรมาธิราชสาขาวิชาวิทยาศาสตร์สุขภาพ
650  7 ^aอนามัยครอบครัว
650  7 ^aสาธารณสุข
710 2  ^aมหาวิทยาลัยสุโขทัยธรรมาธิราช. ^bสาขาวิชาวิทยาศาสตร์สุขภาพ
945    ^p0^l0^i14596
945    ^p0^l0^i14595
945    ^p0^l0^i14594
995    ^aกัณชพร
999    ^aใช้งานได้ทุกระบบ
รายการนี้ยังไม่มีแท็ก
คุณยังไม่ได้ล็อกอิน คุณสามารถมีกิจกรรมร่วมกับเว็บไซต์ได้ แต่ต้องล็อกอินก่อน ::
  ล็อกอิน

รายการสื่อสารสนเทศ

ลำดับที่ ประเภท เลขเรียก/บาร์โค้ด สถานที่ สถานะ
- ไม่พบข้อมูล -

รายการใกล้เคียง
    หัวเรื่อง [อนามัยครอบครัว]
    หัวเรื่อง [สาธารณสุข]

BibComment


ยังไม่เคยถูกคอมเมนท์

คอมเมนท์ทรัพยากรรายการนี้
  คอมเมนท์: เอกสารการสอนชุดว..


 Copyright 2026. Bcnsprnw @Library